<?xml version="1.0" encoding="UTF-8"?>
<marc:record xmlns:marc="http://www.loc.gov/MARC21/slim">
   <marc:leader>00000nam a2200000 a 4500</marc:leader>
   <marc:datafield ind1="1" ind2=" " tag="100">
      <marc:subfield code="a">Marshall;Garry</marc:subfield>
      <marc:subfield code="4">drt</marc:subfield>
      <marc:subfield code="e">Regisseur/-in</marc:subfield>
   </marc:datafield>
   <marc:datafield ind1=" " ind2=" " tag="653">
      <marc:subfield code="a">DVD</marc:subfield>
   </marc:datafield>
   <marc:datafield ind1=" " ind2=" " tag="653">
      <marc:subfield code="a">Spielfilm</marc:subfield>
   </marc:datafield>
   <marc:datafield ind1="0" ind2="0" tag="245">
      <marc:subfield code="a">Plötzlich Prinzessin 2</marc:subfield>
   </marc:datafield>
   <marc:datafield ind1=" " ind2="1" tag="264">
      <marc:subfield code="a">Stuttgart</marc:subfield>
      <marc:subfield code="b">Buena Vista Home Entertainment</marc:subfield>
      <marc:subfield code="c">2005</marc:subfield>
   </marc:datafield>
   <marc:datafield ind1="1" ind2=" " tag="520">
      <marc:subfield code="a">Fünf Jahre sind vergangen, seit aus dem tollpatschigen Teenager Mia (Anne Hathaway) eine echte europäische Prinzessin von Genovien wurde. Doch bevor sie die Krone von ihrer Großmutter, Königin Clarisse (Julie Andrews) übernehmen kann, muss sie nach altem genovischem Gesetz erst einmal heiraten. Und das innerhalb von einem Monat! Anderenfalls ist der durchtriebene Vicomte Mabrey (John Rhys-Davies) zu allem bereit, um den Thronanspruch seines Neffen Nicholas durchzusetzen. Ein adäquater Ehemann muss also schnellstens her! Doch das ist leichter gesagt als getan. Vor allem, wenn bei der Wahl des Gatten nicht nur ein ganzes Land zuschaut, sondern plötzlich auch noch Gefühle mit im Spiel.</marc:subfield>
   </marc:datafield>
   <marc:datafield ind1="3" ind2=" " tag="024">
      <marc:subfield code="a">8717418016555</marc:subfield>
   </marc:datafield>
   <marc:datafield ind1=" " ind2=" " tag="041">
      <marc:subfield code="a">ger</marc:subfield>
   </marc:datafield>
</marc:record>
